The Path of Human Life / (Record no. 206518)

MARC details
000 -LEADER
fixed length control field 00568nam a2200193 4500
005 - DATE AND TIME OF LATEST TRANSACTION
control field 20241021142434.0
010 ## - LCCN (DPL NO)
LC control number ENG-142198
020 ## - INTERNATIONAL STANDARD BOOK NUMBER
Terms of availability 1240.00
International Standard Book Number 9789390746316
035 ## - SYSTEM CONTROL NUMBER
System control number EN-125730
037 ## - SOURCE OF ACQUISITION
Source of stock number/acquisition DBAD
082 ## - DEWEY DECIMAL CLASSIFICATION NUMBER
Classification number S
100 ## - MAIN ENTRY--PERSONAL NAME
Personal name Victory, Ekhomagbe Osabemwonrue
245 ## - TITLE STATEMENT
Title The Path of Human Life /
Statement of responsibility, etc by Ekhomagbe Osagbemwonrue Victory
250 ## - EDITION STATEMENT
Edition statement First
260 ## - PUBLICATION, DISTRIBUTION, ETC. (IMPRINT)
Place of publication, distribution, etc Kolkata
Name of publisher, distributor, etc Exceller Books
Date of publication, distribution, etc 2021
270 ## - ADDRESS
Address G1, Dream Apartment, Degree College Road, Belgharia
City Kolkata
Postal code 700056
300 ## - PHYSICAL DESCRIPTION
Extent 80p.
Dimensions 21cm(pb)
942 ## - ADDED ENTRY ELEMENTS (KOHA)
Source of classification or shelving scheme Dewey Decimal Classification
Item type English Books
Classification part S
Call number suffix VIC
Holdings
Withdrawn status Lost status Not for loan Collection code Home library Current library Date acquired Source of acquisition Cost, normal purchase price Full call number Barcode Copy number Cost, replacement price Koha item type
      Fiction Bawana Bawana 21/10/2024 DBAD 1240.00 S VIC EN-125730 1 1240.00 English Books

© Delhi Public Library
Hit Counter
free hit counter